Normal view
MARC view
Entry Personal Name
001 - CONTROL NUMBER
- control field: 10968
003 - CONTROL NUMBER IDENTIFIER
- control field: ARRUPE
005 - DATE AND TIME OF LATEST TRANSACTION
- control field: 20140612142351.0
008 - FIXED-LENGTH DATA ELEMENTS
- fixed length control field: 140612|| aca||aabn | a|a d
040 ## - CATALOGING SOURCE
- Original cataloging agency: ARRUPE
- Transcribing agency: ARRUPE
100 ## - HEADING--PERSONAL NAME
- Personal name: Fernandes, A.
- Fuller form of name: (Abílio),
- Dates associated with a name: 1906-
- Relator term: ed.
670 ## - SOURCE DATA FOUND
- Source citation: Work cat.: (ARRUPE)0: Flora Zambesiaca:, 1960-<2012>